Scacchi: non farti mangiare #6 - Morte improvvisa - Statistics

Statistiche generali
  • Questo quiz è stato fatto 161 volte
  • Il punteggio medio è 11 su 28
Answers on the Grid
Answers color-coded by a green-red scale on the quiz's grid according to % correct below.
a8
b8
c8
d8
e8
f8
g8
h8
a7
b7
c7
d7
e7
f7
g7
h7
a6
d6
e6
f6
g6
h6
a5
b5
g5
h5
a4
b4
d4
f4
g4
h4
a3
f3
g3
h3
a2
b2
c2
d2
e2
f2
g2
h2
a1
b1
c1
d1
e1
f1
g1
h1
 
Statistiche sulle risposte
Risposta % Corretto
a1
61%
c1
50%
c8
44%
h1
44%
g1
44%
f1
42%
g4
42%
g8
42%
d8
42%
e1
42%
f8
42%
h8
42%
g6
39%
h3
39%
h7
39%
a5
39%
a7
39%
h2
39%
e6
36%
f7
36%
g2
36%
h5
33%
c7
31%
f6
31%
g5
31%
f2
25%
f4
25%
d2
22%
Nessun quiz corrispondente trovato
Distribuzione punteggi
Percentuale di utenti per punteggio
Percentile per numero di risposta
I tuoi punteggi nel tempo
Non hai fatto questo quiz